000 01223nam a2200229Ia 4500
001 L103-595
003 IT-CnALBA
008 170116s9999||||xx |||||||||||||| ||und||
040 _aIT-CnALBA
_cIT-CnALBA
041 _aITALIANO
100 _aAA. VV.
245 0 _aGRANDE ANTOLOGIA FILOSOFICA. VOL. XVIII. IL PENSIERO MODERNO(SECOLO XIX)
250 _a1a ed.
260 _a MILANO - COMO
_bMARZORATI CARLO EDITORE
_c1971 [1° Ed.: n.d.]
300 _a1388 p.
500 _aDIREZIONE SCIACCA M. FEDERICO. COORDINAZIONE SCHIAVONE M. FILOSOFI E CORRENTI FILOSOFICHE SONO CORREDATI DI INTRODUZIONE E TESTI ESEMPLARI. SCHELLING G. FEDERICO. SCHLEIERMACHER F. HEGEL G. FRIEDRICH. LA DESTRA HEGELIANA. LA SINISTRA HEGELIANA. MARX ED EN
501 _aSocietà San Paolo EM - Piazza San Paolo, 14 - 12051 ALBA (CN) (non commercial uses only) ® Copyright 2017
520 _aDIREZIONE SCIACCA M. FEDERICO. COORDINAZIONE SCHIAVONE M. FILOSOFI E CORRENTI FILOSOFICHE SONO CORREDATI DI INTRODUZIONE E TESTI ESEMPLARI. SCHELLING G. FEDERICO. SCHLEIERMACHER F. HEGEL G. FRIEDRICH. LA DESTRA HEGELIANA. LA SINISTRA HEGELIANA. MARX ED EN
650 _aDIZIONARI ED ENCICLOPEDIE DI FILOSOFIA
942 _cBK
957 _71
999 _a694
_bNO
_g Copie: 1
_c259831
_d259831